| 000 -LEADER |
| fixed length control field |
00355cam a22001097a 4500 |
| 008 - FIXED-LENGTH DATA ELEMENTS--GENERAL INFORMATION |
| fixed length control field |
180718b1969 xxu||||| |||| 00| 0 eng d |
| 082 ## - DEWEY DECIMAL CLASSIFICATION NUMBER |
| Classification number |
Q812x5421 Ut8 |
| 100 ## - MAIN ENTRY--PERSONAL NAME |
| Personal name |
Uttar Pradesh. Bakewar Firing Inquiry Commission |
| 245 ## - TITLE STATEMENT |
| Title |
Report of Bakewar Firing Inquiry Commission 1968-69 (district Etawah) |
| 260 ## - PUBLICATION, DISTRIBUTION, ETC. |
| Place of publication, distribution, etc. |
Allahabad |
| Name of publisher, distributor, etc. |
The author |
| Date of publication, distribution, etc. |
1969 |
| 300 ## - PHYSICAL DESCRIPTION |
| Extent |
54p. |